Iniciação ao xadrez (Registo nº 199941)

Detalhes MARC
000 -Etiqueta do registo
Valores 00491nam 22001813 4500
100 ## - Dados gerais de processamento
Dados gerais 20251215d u||y0pory50 ba
200 ## - Titulo e menção de responsabilidade
Título próprio Iniciação ao xadrez
Primeira menção de responsabilidade André Chéron
205 ## - Menção da edição
Edição
210 ## - Publicação
Local de publicação Lisboa
Nome do editor Editorial O Século
Data de publicação 1974
215 ## - Descrição física 
Paginação / Volumes 272, [6] p.
Outras indicações físicas il. ; brochado
Dimensões 18 cm
606 ## - Nome comum usado como assunto
ID Autoridade 3427
Palavra de ordem Desporto
Subdivisão assunto Jogos
675 ## - CDU
Notação 79
Edição PT
Língua por
700 ## - Autor principal (pessoa individual)
ID Autoridade 15767
Apelido Chéron
Nome André
Datas 1880-1952
801 ## - Fonte de origem
País PT
Agência BMMN
Regras de catalogação RPC
830 ## - Notas gerais do catalogador
Criado por Ana
Indexado por Ana
990 ## - Elementos KOHA
Tipo de documento Livro
Exemplares
Situação do levantamento Biblioteca de origem Código de barras Cota Permissão de empréstimo Tipo de documento Forma de aquisição
  Biblioteca Municipal de Montemor-o-Novo 29000 79 CHE|DEP   Livro Compra

Powered by Koha